000 00782cam a2200229 a 4500
999 _c57425
_d57425
001 17398655
005 20221107122836.0
008 120720s2013 paua b 001 0 eng
020 _a9781451175646 X
041 _aeng
080 _a616+612 B-60
100 1 _aBickley, Lynn S.
_98550
245 1 0 _aBates' guide to physical examination and history-taking.
250 _a11th ed.
264 _aPhiladelphia :
_bWolters Kluwer Health/Lippincott Williams & Wilkins,
_c2013.
300 _a 994 p. :
_bill. (chiefly col.) ;
_c28 cm
653 _aმედიცინა
653 _aფიზიკური გამოკვლევები
700 1 _aSzilagyi, Peter G.
_eავტორი
_98553
700 1 _aBates, Barbara,
_d1928-2002.
_t
_98554
942 _2udc
_cBK